The anti-slavery crusade : a chronicle of the gathering storm /

Bibliographic Details
Main Author: Macy, Jesse, 1842-1919
Format: Book
Language:English
Published: New Haven : Yale University Press, 1919.
Series:Chronicles of America series ; v. 28.
Subjects:

MARC

Tag First Indicator Second Indicator Subfields
LEADER 00000cam a2200000 i 4500
001 in00000242562
005 20151010050955.0
008 790629s1919 ctuf b 00110 eng d
035 |a (OCoLC)05121194 
035 |9 ABB3409AM 
040 |a TWS  |c TWS  |d TXA  |d UtOrBLW 
043 |a n-us--- 
049 |a TXAM  |c 1 [135388]  |c 2 [135389]  |c 3 [226606] 
090 |a E173  |b .C55 v. 28 1919a 
100 1 |a Macy, Jesse,  |d 1842-1919. 
245 1 4 |a The anti-slavery crusade :  |b a chronicle of the gathering storm /  |c by Jesse Macy. 
264 1 |a New Haven :  |b Yale University Press,  |c 1919. 
300 |a ix, 245 pages, 1 leaf of plates ;  |c 18 cm. 
336 |a text  |b txt  |2 rdacontent 
337 |a unmediated  |b n  |2 rdamedia 
338 |a volume  |b nc  |2 rdacarrier 
490 1 |a The Chronicles of America series ;  |v [v.28] 
504 |a Bibliography: pages 233-235. 
650 0 |a Antislavery movements  |z United States. 
830 0 |a Chronicles of America series ;  |v v. 28. 
999 |a MARS 
999 f f |s 6297c83d-2372-363f-8476-51a05db8f72b  |i 72941034-3b73-3e54-b29e-4e3ae2b70055  |t 0 
952 f f |p ric  |a Texas A&M University  |b Rellis Campus  |c Joint Library Facility  |s JLF  |d Remote Storage  |t 0  |e E173 .C55 v. 28 1919a  |h Library of Congress classification  |i unmediated -- volume  |m A14802159802 
998 f f |a E173 .C55 v. 28 1919a  |t 0  |l Remote Storage